[Event "Challenge"]
[Site "http://www.queenalice.com/game.php?id=1043793"]
[Date "2012.3.29"]
[Round "-"]
[White "Agourmay"]
[Black "blikinn"]
[Result "0-1"]
[WhiteElo "1804"]
[BlackElo "1982"]

1. c4 e5 2. Nc3 Nf6 3. e4 Bc5 4. Nf3 d6 5. h3 a6 6. b4 Ba7 7. b5 Bb6 8. d3 Nbd7
9. Be2 h6 10. O-O O-O 11. Nd5 Nxd5 12. exd5 axb5 13. cxb5 Nf6 14. Qb3 Bf5 15. d4
exd4 16. Bb2 Be4 17. Nxd4 Bxd5 18. Bc4 Be4 19. Rfe1 d5 20. Bd3 Qd6 21. Nf5 Qf4
22. Bxe4 Nxe4 23. Qf3 Bxf2+ 24. Kh1 Qxf3 25. gxf3 Bxe1 26. Rxe1 Rxa2 27. Ne7+
Kh7 28. Nxd5 Nf2+ 29. Kg2 Rxb2 30. Nxc7 Nd3+ 31. Kf1 Nxe1 32. Kxe1 Rd8 0-1

[Event "Challenge"]
[Site "http://www.queenalice.com/game.php?id=1043796"]
[Date "2012.3.29"]
[Round "-"]
[White "jujajo11"]
[Black "blikinn"]
[Result "1-0"]
[WhiteElo "1983"]
[BlackElo "1991"]

1. c4 e5 2. Nc3 Nf6 3. d3 Nc6 4. Nf3 h6 5. a3 a5 6. e3 d6 7. h3 Be7 8. Be2 O-O
9. O-O b6 10. Qc2 Re8 11. Rb1 Bb7 12. b4 axb4 13. axb4 Bf8 14. Nh4 d5 15. b5 Na5
16. cxd5 Nxd5 17. Nf5 g6 18. Ng3 Nf6 19. e4 Bc8 20. Be3 Be6 21. Rfd1 Kh7 22. d4
exd4 23. Bxd4 Qe7 24. e5 Nd7 25. Nh5 Bg7 26. Nxg7 Kxg7 27. Ne4 Nb7 28. Nf6 Red8
29. Qxc7 Nbc5 30. Bf3 Rac8 31. Qa7 Bf5 32. e6 Nxe6 33. Nd5+ Nxd4 34. Nxe7 Nxf3+
35. gxf3 Bxb1 36. Nxc8 Bf5 37. Nxb6 Bxh3 38. Nxd7 1-0

[Event "OS INCLIVEIS"]
[Site "http://www.queenalice.com/game.php?id=1047913"]
[Date "2012.4.11"]
[Round "-"]
[White "adelio"]
[Black "blikinn"]
[Result "0-1"]
[WhiteElo "1780"]
[BlackElo "1949"]

1. d4 d5 2. e4 dxe4 3. Nc3 f5 4. h4 Nf6 5. f3 exf3 6. gxf3 e6 7. a3 Bd6 8. Nge2
b6 9. Nf4 Qe7 10. b4 Bb7 11. Be3 Nbd7 12. Bg2 O-O-O 13. Qd3 Nd5 14. Ncxd5 exd5
15. O-O-O Nf6 16. c4 dxc4 17. Qd2 Rhe8 18. Rhe1 Qd7 19. Qc2 b5 20. d5 Rxe3 21.
Rxe3 Bxf4 22. Re1 Nxd5 23. Kb1 Nxe3 24. Rxe3 Bxe3 25. Bh3 Qd1+ 26. Qxd1 Rxd1+
27. Kc2 Rc1+ 28. Kb2 c3+ 29. Ka2 Bd5# 0-1

[Event "Challenge"]
[Site "http://www.queenalice.com/game.php?id=1048071"]
[Date "2012.4.11"]
[Round "-"]
[White "blikinn"]
[Black "crolik"]
[Result "0-1"]
[WhiteElo "1934"]
[BlackElo "2060"]

1. e4 e6 2. d4 d5 3. Bd3 dxe4 4. Bxe4 Nf6 5. Bg5 c5 6. Ne2 Be7 7. Bxf6 Bxf6 8.
c3 Nc6 9. Bxc6+ bxc6 10. dxc5 Qxd1+ 11. Kxd1 Ba6 12. Nf4 Rd8+ 13. Ke1 O-O 14. h4
e5 15. Nh5 Be7 16. b4 g6 17. Ng3 f5 18. f3 e4 19. Nd2 Bf6 0-1

[Event "Challenge"]
[Site "http://www.queenalice.com/game.php?id=1049149"]
[Date "2012.4.15"]
[Round "-"]
[White "blikinn"]
[Black "moe78"]
[Result "0-1"]
[WhiteElo "1920"]
[BlackElo "2014"]

1. e4 c5 2. Nf3 a6 3. a4 Nc6 4. Bc4 e6 5. O-O Nf6 6. Nc3 Be7 7. h3 d6 8. Re1 O-O
9. d4 cxd4 10. Nxd4 Ne5 11. Bb3 Bd7 12. Bf4 Nc6 13. Nf3 e5 14. Be3 Rc8 15. Qe2
Kh8 16. Ng5 Be8 17. Rad1 h6 18. Nf3 Bd7 19. Bd5 Qc7 20. Bb3 Ne8 21. Nd5 Qb8 22.
Bb6 Bd8 23. c3 f5 24. Nd2 Nf6 25. Nc4 fxe4 0-1

[Event "AUTO-MASTER-1630"]
[Site "http://www.queenalice.com/game.php?id=1049521"]
[Date "2012.4.16"]
[Round "1"]
[White "seega"]
[Black "blikinn"]
[Result "1-0"]
[WhiteElo "2159"]
[BlackElo "1949"]

1. Nf3 b6 2. d4 Bb7 3. g3 e6 4. Bg2 h6 5. O-O d5 6. b3 Nf6 7. Bb2 Bd6 8. Nfd2
O-O 9. c4 Na6 10. Nc3 Nb4 11. a3 Na6 12. b4 c6 13. e4 dxe4 14. Ndxe4 Nxe4 15.
Nxe4 Be7 16. Qc2 c5 17. Nf6+ Bxf6 18. Bxb7 Nc7 19. Bxa8 1-0

[Event "AUTO-MASTER-1630"]
[Site "http://www.queenalice.com/game.php?id=1049522"]
[Date "2012.4.16"]
[Round "1"]
[White "blikinn"]
[Black "seega"]
[Result "0-1"]
[WhiteElo "1941"]
[BlackElo "2165"]

1. d4 Nf6 2. Nc3 d5 3. g3 Bf5 4. Bg2 e6 5. e3 Be7 6. Nf3 h6 7. O-O O-O 8. a3 a5
9. Ne2 c5 10. c3 Nc6 11. dxc5 Bxc5 12. Ned4 Be4 13. Qb3 Bxd4 14. exd4 a4 15. Qd1
Qe7 16. Bf4 Rfd8 17. Ne5 Bxg2 18. Kxg2 Nxe5 0-1

[Event "AUTO-MASTER-1630"]
[Site "http://www.queenalice.com/game.php?id=1049533"]
[Date "2012.4.16"]
[Round "1"]
[White "danielglowinski"]
[Black "blikinn"]
[Result "1-0"]
[WhiteElo "2150"]
[BlackElo "1934"]

1. e4 e5 2. Nf3 d6 3. d4 exd4 4. Nxd4 g6 5. Nc3 Bg7 6. Be3 Nf6 7. Qd2 b6 8.
O-O-O Bb7 9. Bh6 Bxh6 10. Qxh6 Nbd7 11. Bb5 Qe7 12. Bxd7+ Kxd7 13. Qh3+ Ke8 14.
Rhe1 Qe5 15. Nd5 Kd8 16. f4 Qh5 17. Qc3 1-0

[Event "AUTO-MASTER-1630"]
[Site "http://www.queenalice.com/game.php?id=1049534"]
[Date "2012.4.16"]
[Round "1"]
[White "blikinn"]
[Black "danielglowinski"]
[Result "0-1"]
[WhiteElo "1927"]
[BlackElo "2160"]

1. d4 Nf6 2. g3 g6 3. Bg2 Bg7 4. Nc3 d5 5. e3 O-O 6. Nge2 Re8 7. O-O Nc6 8. Nf4
Bg4 9. Qd2 e5 10. dxe5 Nxe5 11. Nfxd5 Nf3+ 12. Bxf3 Bxf3 13. Nf4 Qe7 14. Qe1 g5
15. Nfe2 c5 16. h3 Qe6 17. Kh2 Ng4+ 0-1

[Event "AUTO-MASTER-1630"]
[Site "http://www.queenalice.com/game.php?id=1049541"]
[Date "2012.4.16"]
[Round "1"]
[White "blikinn"]
[Black "Flamengo_Brasil"]
[Result "0-1"]
[WhiteElo "1958"]
[BlackElo "2140"]

1. e4 Nf6 2. Nc3 Nc6 3. g3 e5 4. Bg2 Bc5 5. Nf3 d6 6. d3 O-O 7. O-O Bg4 8. h3
Be6 9. a3 a5 10. Bg5 h6 11. Bd2 Qd7 12. Kh2 Nd4 13. Nxd4 Bxd4 14. Rb1 d5 15. Qe2
dxe4 16. Nxe4 Nxe4 17. Qxe4 c6 18. Qh4 Ba2 19. Ra1 Bd5 20. Bxh6 gxh6 21. Qxh6
Qe6 22. Qg5+ Qg6 23. Qxg6+ fxg6 24. Bxd5+ cxd5 25. c3 Rxf2+ 26. Rxf2 Bxf2 27.
Kg2 Rf8 28. Rf1 Bb6 29. Rxf8+ Kxf8 30. Kf3 Kf7 31. b3 Kf6 32. h4 Ke6 33. g4 Kf6
34. a4 Bc5 35. c4 Ke6 36. Ke2 dxc4 37. bxc4 Be7 38. Ke3 Bxh4 39. Ke4 Bf2 0-1

[Event "AUTO-MASTER-1630"]
[Site "http://www.queenalice.com/game.php?id=1049542"]
[Date "2012.4.16"]
[Round "1"]
[White "Flamengo_Brasil"]
[Black "blikinn"]
[Result "1-0"]
[WhiteElo "2056"]
[BlackElo "2001"]

1. d4 d5 2. Nf3 g6 3. Nc3 Bg7 4. e4 dxe4 5. Nxe4 Bf5 6. Ng3 Bg4 7. Bb5+ c6 8.
Bc4 Nf6 9. Bxf7+ Kf8 10. Bb3 Nh5 11. h3 Nxg3 12. fxg3 Bf5 13. O-O Ke8 14. Re1 h6
15. g4 Bc8 16. g5 h5 17. c3 Bf5 18. Nh4 Qd7 19. Nxf5 Qxf5 20. Rf1 Qe4 21. Rf4
1-0

[Event "AUTO-ADV-2473"]
[Site "http://www.queenalice.com/game.php?id=1049775"]
[Date "2012.4.17"]
[Round "1"]
[White "blikinn"]
[Black "Norfair"]
[Result "0-1"]
[WhiteElo "1961"]
[BlackElo "2286"]

1. e4 Nf6 2. Nc3 d5 3. exd5 Nxd5 4. Nge2 Nc6 5. b3 e5 6. Bb2 Bg4 7. h3 Be6 8.
Ng3 Nf4 9. Nce2 Ng6 10. Nc3 Nh4 11. Qe2 Be7 12. Qe3 Bg5 13. Qd3 Qxd3 14. cxd3
O-O-O 15. Nge4 Be7 16. g3 Nf3+ 17. Ke2 Ncd4+ 18. Kd1 f5 19. Bg2 Rhf8 20. Bxf3
Nxf3 21. Kc2 fxe4 22. Nxe4 Rd5 23. Nc3 Rd7 24. Ne2 Bf5 25. Nc1 Bc5 26. g4 Bg6
27. Rf1 Nd4+ 28. Kd1 Rdf7 0-1

[Event "AUTO-ADV-2473"]
[Site "http://www.queenalice.com/game.php?id=1049776"]
[Date "2012.4.17"]
[Round "1"]
[White "Norfair"]
[Black "blikinn"]
[Result "1-0"]
[WhiteElo "2249"]
[BlackElo "1966"]

1. c4 g6 2. Nc3 Bg7 3. e4 d6 4. g3 Nc6 5. Bg2 e5 6. Nge2 Bg4 7. f3 Be6 8. d3 Qd7
9. Nd5 O-O-O 10. Bg5 f6 11. Be3 Nge7 12. Qb3 f5 13. O-O Bxd5 14. cxd5 Na5 15.
Qa3 Qb5 16. Rac1 c5 17. Bxc5 Nac6 18. Bxa7 b6 19. dxc6 Kc7 20. Nc3 Qc5+ 21. Kh1
Qa5 22. Qb3 Kxc6 23. Bxb6 1-0

[Event "AUTO-ADV-2473"]
[Site "http://www.queenalice.com/game.php?id=1049777"]
[Date "2012.4.17"]
[Round "1"]
[White "blikinn"]
[Black "jahe"]
[Result "0-1"]
[WhiteElo "1987"]
[BlackElo "1865"]

1. e3 c5 2. b3 Nc6 3. Bb2 Nf6 4. g3 e6 5. Nf3 d5 6. Bg2 Be7 7. O-O O-O 8. d4 b6
9. c4 Ba6 10. Na3 Ne4 11. Nb5 f5 12. dxc5 bxc5 13. Ne5 Nxe5 14. Bxe5 Bxb5 15.
cxb5 Bf6 16. Bxf6 Nxf6 17. Qf3 Ne4 18. Qf4 Qa5 19. Bxe4 fxe4 20. a4 Rxf4 21.
gxf4 Qc3 22. Rab1 Qf6 23. h3 e5 24. fxe5 Qxe5 25. Rbc1 Qd6 26. Rfd1 Rf8 27. Rd2
Rf5 28. Rdc2 Qg6+ 29. Kf1 Qg3 30. Re2 Qxh3+ 31. Ke1 d4 32. exd4 cxd4 33. Rc4
Qxb3 34. Rec2 d3 0-1

[Event "AUTO-ADV-2473"]
[Site "http://www.queenalice.com/game.php?id=1049778"]
[Date "2012.4.17"]
[Round "1"]
[White "jahe"]
[Black "blikinn"]
[Result "0-1"]
[WhiteElo "1848"]
[BlackElo "1991"]

1. e4 e5 2. f4 exf4 3. Nf3 d5 4. e5 d4 5. d3 g5 6. Nbd2 g4 7. Ng1 Qh4+ 8. Ke2 g3
9. h3 Nc6 10. Ndf3 Qh5 11. Bxf4 Nh6 12. Bxg3 Ng4 13. Qe1 Ne3 14. Rc1 Be6 15. c3
Nf5 16. Kd1 Bxa2 17. Be2 Bb3+ 18. Rc2 Ne3+ 19. Kc1 Nxc2 20. Qf2 Qh6+ 21. Kb1 Ne3
22. Nxd4 Nxd4 23. cxd4 Nd5 24. Nf3 Qa6 25. Qe1 Qa2+ 0-1

[Event "AUTO-ADV-2473"]
[Site "http://www.queenalice.com/game.php?id=1049779"]
[Date "2012.4.17"]
[Round "1"]
[White "blikinn"]
[Black "Blutigeroo"]
[Result "0-1"]
[WhiteElo "1977"]
[BlackElo "1816"]

1. e4 e5 2. Nf3 d6 3. Nc3 Bg4 4. h3 Bh5 5. Be2 Be7 6. b3 Nf6 7. Bb2 O-O 8. O-O
Nbd7 9. Nh2 Bg6 10. d3 Nb6 11. f4 exf4 12. Rxf4 c6 13. Qd2 Rc8 14. Raf1 Nfd7 15.
Bg4 Bg5 16. Qf2 Bxf4 17. g3 Be5 18. d4 Bf6 19. h4 h5 20. Bf3 Re8 21. Qe2 Bxd4+
22. Kg2 Nf6 23. Qd3 Be5 24. Rd1 Qc7 25. Qf1 d5 0-1

[Event "AUTO-ADV-2473"]
[Site "http://www.queenalice.com/game.php?id=1049780"]
[Date "2012.4.17"]
[Round "1"]
[White "Blutigeroo"]
[Black "blikinn"]
[Result "0-1"]
[WhiteElo "1838"]
[BlackElo "1955"]

1. d4 d5 2. e3 a6 3. Bd3 Nf6 4. Nf3 g6 5. O-O Bg7 6. Nbd2 O-O 7. Re1 Nc6 8. c4
Nb4 9. Be2 Bf5 10. Ne5 Ne4 11. Nxe4 Bxe4 12. f3 Bf5 13. a3 Bxe5 14. axb4 Bg7 15.
Bd3 dxc4 16. Bxc4 Qd6 17. Qb3 b5 18. Be2 Be6 19. Qd3 Qxb4 20. Bd2 Qd6 21. Rac1
Bc4 22. Qc3 Bxe2 23. Rxe2 Rfc8 24. Qa5 c5 25. Bc3 cxd4 26. Bd2 d3 27. Rf2 Bxb2
28. Rxc8+ Rxc8 29. h4 Bc1 30. Bb4 Qe6 31. e4 Be3 0-1